Every Knicks Player Ever that has Passed Away - Statistics

General Stats
  • This quiz has been taken 3 times
  • The average score is 13 of 138
Answer Stats
Date Age Player % Correct
3/21/2023 80 Willis Reed
100%
1/26/2001 72 Al McGuire
50%
2/28/2015 48 Anthony Mason
50%
5/23/2008 79 Bob Knight
50%
2/10/2012 82 Carl Braun
50%
4/15/1989 64 Connie Simmons
50%
5/14/2003 62 Dave DeBusschere
50%
3/15/2017 75 Dave Stallworth
50%
8/23/2013 65 Dean Meminger
50%
2/3/2010 84 Dick McGuire
50%
11/26/1998 69 Ed Smith
50%
10/7/2015 88 Harry Gallatin
50%
9/14/2002 61 Jim Barnes
50%
7/8/2018 62 Lonnie Shelton
50%
12/15/2022 64 Louis Orr
50%
4/4/2009 56 Marvin Webster
50%
10/31/2010 58 Maurice Lucas
50%
8/31/1990 67 Nat Clifton
50%
10/4/2015 67 Neal Walk
50%
6/26/2012 55 Pat Cummings
50%
6/4/2009 60 Randy Smith
50%
3/22/2013 58 Ray Williams
50%
3/27/2016 89 Vince Boryla
50%
11/2/2013 74 Walt Bellamy
50%
7/12/2000 62 Al Butler
0%
7/27/2012 71 Art Heyman
0%
4/9/2008 75 Art Spoelstra
0%
11/19/1957 33 Aud Brindley
0%
11/24/1994 65 Bert Cook
0%
7/11/2014 74 Bill McGill
0%
5/19/2012 75 Bob Boozer
0%
9/5/2008 90 Bob Cluggish
0%
7/23/1983 60 Bob Fitzgerald
0%
7/22/1989 66 Bob Mullens
0%
7/30/2011 79 Bob Peterson
0%
6/9/2016 45 Brooks Thompson
0%
3/19/2013 91 Bud Palmer
0%
8/22/2007 84 Butch van Breda Kolff
0%
3/25/2019 81 Cal Ramsey
0%
10/1/2014 68 Charlie Paulk
0%
12/29/2006 71 Charlie Tyra
0%
7/15/2003 74 Chuck Grigsby
0%
10/5/2006 68 Cleveland Buckner
0%
6/30/2017 78 Darrall Imhoff
0%
2/6/2020 88 Dick Atha
0%
2/10/2021 91 Dick Bunt
0%
6/13/2020 87 Dick Garmaker
0%
7/27/2009 87 Dick Holub
0%
10/22/1973 52 Dick Murphy
0%
1/21/2014 90 Dick Shrider
0%
5/1/1987 57 Dick Surhoff
0%
7/9/2011 80 Don Ackerman
0%
11/19/1995 65 Don Anielak
0%
10/8/2012 76 Donnis Butcher
0%
2/29/1980 41 Doug Kistler
0%
5/28/2012 72 Ed Burton
0%
10/18/1994 45 Eddie Mast
0%
11/4/2007 82 Edward Bartels
0%
12/9/2018 48 Eric Anderson
0%
11/8/2014 86 Ernie Vandeweghe
0%
3/12/2023 55 Felton Spencer
0%
7/31/2005 79 Frank Mangiapane
0%
2/10/2010 84 Fred Schaus
0%
5/16/2000 78 Frido Frey
0%
7/27/2010 78 Gary Bergen
0%
7/4/2017 86 Gene Conley
0%
7/6/1997 72 Gene James
0%
3/16/2016 62 Gene Short
0%
4/3/2022 90 Gene Shue
0%
10/6/2018 90 George Kaftan
0%
4/27/2009 53 Glen Gondrezick
0%
5/1/2012 59 Greg Jackson
0%
2/27/2010 89 Hank Rosenstein
0%
1/23/2021 73 Harthorne Wingo
0%
2/16/2020 75 Henry Akin
0%
6/28/2012 82 Herb Scherer
0%
8/20/2014 84 Herm Hedderick
0%
5/26/2007 58 Howard Porter
0%
7/18/2009 87 Irv Rothenberg
0%
11/29/2020 81 Jack Foley
0%
1/30/1989 60 Jack George
0%
10/5/2014 84 Jack Turner
0%
1/6/1990 71 Jake Weber
0%
7/16/2017 83 Jerry Bird
0%
8/24/2021 81 Jerry Harkness
0%
8/29/2011 83 Jim Baechtold
0%
4/6/2023 80 Jim Caldwell
0%
5/16/2016 68 Jim McMillan
0%
9/16/2013 80 Jim Palmer
0%
7/1/2009 85 Joe Colone
0%
10/13/2013 59 Joe Meriweather
0%
6/10/1999 70 Joe Smyth
0%
1/29/2003 78 John Murphy
0%
7/21/2022 83 Johnny Egan
0%
8/4/2015 75 John Rudometkin
0%
4/23/2017 83 Ken Sears
0%
2/27/1998 62 Larry Friend
0%
7/22/2003 82 Lee Knorek
0%
7/12/2018 77 Len Chappell
0%
8/16/1972 51 Leo Gottlieb
0%
10/29/2015 62 Luther Burden
0%
11/19/2017 71 Luther Rackley
0%
10/15/1985 59 Max Zaslofsky
0%
12/19/2018 90 Mel Hutchins
0%
2/3/2002 75 Mel McGahla
0%
12/11/1984 41 Nate Bowman
0%
5/14/2009 86 Nat Militzok
0%
7/30/2013 94 Ossie Schetman
0%
11/12/1998 73 Paul Hoffman
0%
8/17/2009 69 Paul Hogue
0%
11/16/2005 81 Paul Noel
0%
8/24/2015 75 Paul Nordmann
0%
1/2/2021 70 Paul Westphal
0%
6/8/2012 75 Pete Brennan
0%
6/7/1965 31 Phil Jordon
0%
2/8/2021 87 Phil Rollins
0%
2/2/2009 89 Ralph Kaplowitz
0%
10/7/1994 72 Ray Ellefson
0%
7/28/1991 60 Ray Felix
0%
3/27/1990 68 Ray Kuka
0%
1/16/2015 91 Ray Lumpp
0%
12/24/1999 42 Reggie Carter
0%
6/27/1983 49 Ronnie Shavlik
0%
10/23/2009 75 Ron Sobieszczyk
0%
1/16/2009 80 Sherwin Raiken
0%
7/25/2005 82 Sidney Hertzberg
0%
9/4/1986 60 Sid Tanenbaum
0%
10/18/2012 86 Slater Martin
0%
10/28/1975 55 Stanley Stutz
0%
10/15/2004 80 Tex Ritter
0%
1/26/2014 81 Tom Gola
0%
1/9/1981 57 Tommy Byrnes
0%
6/13/2010 71 Tom Stith
0%
1/8/1998 71 Tony Lavelli
0%
3/13/2001 70 Walter Dukes
0%
11/20/2019 95 Wat Misaka
0%
3/24/2002 58 Wayne Molis
0%
11/22/2018 84 Willie Naulls
0%
No matching quizzes found
Score Distribution
Percent of People with Each Score
Percentile by Number Answered
Your Score History
You have not taken this quiz